000 00245nam a2200109Ia 4500
008 190216s9999||||xx |||||||||||||| ||und||
100 _aHarman Singh
245 0 _aPrinciples Of Heat
260 _bAtmaram &sons
650 _aPhysics
942 _cBK
999 _c33025
_d33025